An exposition of the epistles of John the apostle. (Record no. 6127)

000 -LEADER
fixed length control field 00590nam a2200181 a 4500
001 - CONTROL NUMBER
control field :::00003870$&:&@@
003 - CONTROL NUMBER IDENTIFIER
control field OkBaRHE
005 - DATE AND TIME OF LATEST TRANSACTION
control field 20000607103313.0
008 - FIXED-LENGTH DATA ELEMENTS--GENERAL INFORMATION
fixed length control field s1970 j 000 0 eng u
040 ## - CATALOGING SOURCE
Transcribing agency
100 1# - MAIN ENTRY--PERSONAL NAME
Personal name Kelly, William.
245 13 - TITLE STATEMENT
Title An exposition of the epistles of John the apostle.
260 ## - PUBLICATION, DISTRIBUTION, ETC. (IMPRINT)
Place of publication, distribution, etc Sunbury, PA., :
Name of publisher, distributor, etc Believers Bookshelf
Date of publication, distribution, etc 1970
300 ## - PHYSICAL DESCRIPTION
Extent 421 p. ;
Dimensions 19 cm.
650 ## - SUBJECT ADDED ENTRY--TOPICAL TERM
Topical term or geographic name as entry element Bible New Testament Epistles of John
General subdivision Commentaries
942 ## - ADDED ENTRY ELEMENTS (KOHA)
Source of classification or shelving scheme
Koha item type Books
Copies
Damaged status Withdrawn status Copy number Permanent Location Not for loan Date acquired Price effective from Source of classification or shelving scheme Lost status Full call number Shelving location Date last seen Koha item type Barcode
  1RHEMA Bible Training College 2010-04-142010-04-14  BS 2805 .K392General Stacks2018-04-03Books3870